Welcome to CU Library Online Public Access Catalogue (OPAC)

BEGINNING TO READ (Record no. 2151)

MARC details
000 -LEADER
fixed length control field 00428nam a22001457a 4500
005 - DATE AND TIME OF LATEST TRANSACTION
control field 20241213132522.0
008 - FIXED-LENGTH DATA ELEMENTS--GENERAL INFORMATION
fixed length control field 241213b |||||||| |||| 00| 0 eng d
020 ## - INTERNATIONAL STANDARD BOOK NUMBER
International Standard Book Number 9780262510769
050 ## - LIBRARY OF CONGRESS CALL NUMBER
Classification number LB 1050
Item number ADA
100 ## - MAIN ENTRY--PERSONAL NAME
Personal name ADAMS, JAGER MARILYN
245 ## - TITLE STATEMENT
Title BEGINNING TO READ
Remainder of title THINKING AND LEARNING ABOUT PRINT
Statement of responsibility, etc. MARILYN JAGER ADAMS
260 ## - PUBLICATION, DISTRIBUTION, ETC.
Place of publication, distribution, etc. MASSACHUSETTS
Name of publisher, distributor, etc. THE MIT PRESS
Date of publication, distribution, etc. c1994
300 ## - PHYSICAL DESCRIPTION
Extent viii; 494p.
942 ## - ADDED ENTRY ELEMENTS (KOHA)
Source of classification or shelving scheme Library of Congress Classification
Koha item type Books
Suppress in OPAC No
999 ## -
-- 2151
-- 2151
Holdings
Withdrawn status Lost status Source of classification or shelving scheme Damaged status Not for loan Collection Home library Current library Shelving location Date acquired Total checkouts Full call number Date last seen Price effective from Koha item type
    Library of Congress Classification     Non-fiction Undergraduate Library (Christ Temple) Undergraduate Library (Christ Temple) General stacks 12/13/2024   LB 1050 ADA 12/13/2024 12/13/2024 Books
© 2023-2024 Copyright: Central University Libraries. All Rights Reserved | Created by: Mahone Tech Office